80 Babynamen der Woche 43/25' - Statistiken

Allgemein
  • Dieses Quiz wurde 4 mal gespielt
  • Das Durchschnittsergebnis liegt bei 35 aus 80
Antwortstatistiken
📍 Vorname % Korrekt
Ad.m ♂️ Adam
100%
A..a ♀️ Anna
100%
C..l.t.a ♀️ Carlotta
100%
C.r..t..n ♂️ Christian
100%
D.v.e ♂️ Davie
100%
D.v.d ♂️ Devid
100%
El..a ♀️ Elena
100%
El.s.b..h ♀️ Elisabeth
100%
E..k ♂️ Erik
100%
F..d.n..d ♂️ Ferdinand
100%
J.h..n ♂️ Johann
100%
J.y ♀️ Joy
100%
J..i ♀️ Juli
100%
J.l..n ♂️ Julian
100%
K..l ♂️ Karl
100%
L.a.d.r ♂️ Leander
100%
L..n ♀️ Leen
100%
L.k.s ♂️ Lukas
100%
T.e.d.r ♂️ Theodor
100%
Al..a ♀️ Alina
67%
C.a.a ♀️ Clara
67%
G.n.y ♀️ Ginny
67%
J..o ♂️ Jaro
67%
L.l.i.h ♀️ Lillith
67%
M.d..a ♀️ Madita
67%
M.r.a ♀️ Maria
67%
M..v.l ♂️ Marvel
67%
M.r..m ♀️ Miriam
67%
N..h ♂️ Noah
67%
P.l.y ♀️ Polly
67%
R..e ♀️ Rose
67%
S.r.h ♀️ Sarah
67%
S.n ♀️ Sun
67%
V.l.r.e ♀️ Valerie
67%
A.r.l.a ♀️ Aurelya
33%
A.r..a ♀️ Aurora
33%
B.n..o ♂️ Benito
33%
C.a.t.l.e ♀️ Chantelle
33%
El..y ♀️ Eleny
33%
Em..l..e ♀️ Emmeline
33%
H.l.a ♀️ Helga
33%
J..k ♂️ Jack
33%
J..y ♀️ Judy
33%
K..t ♂️ Knut
33%
L..a ♀️ Lara
33%
L..i ♀️ Leni
33%
M.t.l.a ♀️ Matilda
33%
M.l..a ♀️ Melina
33%
V..d ♂️ Vlad
33%
W.l.i.m ♂️ William
33%
Y.l.e ♀️ Yolie
33%
Z.i.a ♀️ Zaira
33%
A..a ♀️ Alba
0%
Al..s ♂️ Alios
0%
A.d..n..a ♀️ Andronika
0%
Ar..s ♂️ Arius
0%
Ay..i ♀️ Ayumi
0%
C.l..t..a ♀️ Celestina
0%
D.l.l ♂️ Delal
0%
D.l.a ♀️ Dilda
0%
D..a ♀️ Dima
0%
E.e ♀️ Ece
0%
F.b.o.a ♀️ Fabiola
0%
H.l.e ♂️ Helie
0%
K..e ♂️ Kyle
0%
L..n.t.a ♀️ Leonetta
0%
L..i ♂️ Loki
0%
M..l.k ♂️ Marlik
0%
M.l.n ♂️ Milan
0%
M.n.a ♀️ Minna
0%
M..j..a ♀️ Mirjana
0%
M.a.a ♀️ Moana
0%
N.y.a ♀️ Neyla
0%
P..r.e.l ♂️ Pharrell
0%
R..a ♀️ Raya
0%
S.a.y ♀️ Skady
0%
S..v.i.h ♀️ Solveigh
0%
T.i..i.a ♀️ Trishika
0%
T.l.r ♂️ Tylor
0%
V.s.l.s.a ♀️ Vasilissa
0%
Keine übereinstimmenden Quizze gefunden
Verteilung der Resultate
Anzahl Personen mit jedem Resultat
Perzentil nach korrekt beantworteten Fragen
Ihre Resultats-Entwicklung
Sie haben dieses Quiz noch nicht gespielt